• 首页
  • 本馆介绍
  • 公告通知
  • 最新文献
  • 馆藏检索
  • 电子资源
  • 读者导购
  • 参考咨询
  • 我的图书馆
  • 登录
  • 详细信息显示
  • 放入我的书架
  • 预约/预借图书
  • 作者相关作品
  • 分类相关作品
  • 丛书相关作品
  • 出版社相关作品

书目信息

  • 表格格式
  • 工作单格式
  • 卡片格式
题名:
岛县漫话
    
 
作者: 李庆 主编
分册:  
出版信息: 北京   北京科学技术出版社  
页数: 106页
开本: 19cm
丛书名:
单 册:
中图分类: P72
科图分类:
主题词: 区域 , 区域
电子资源:
ISBN: 7-5304-1924-2
000 00571nam0 2200217 450
001 0832112167
005 20080619083632.42
010    @a7-5304-1924-2@dCNY5.00
100    @a20080618d km y0chiy0120 ea
101 0  @achi
102    @aCN@b110000
200 1  @a岛县漫话@Adao xian man hua@f李庆主编@Fli qing zhu bian
210    @a北京@c北京科学技术出版社
215    @a106页@d19cm
300    @a迎接海洋世纪
606 0  @x区域
606 0  @x区域
690    @aP72@v4
701  0 @a李庆@Ali qing@4主编
801  0 @aCN@b山东省滨州职业学院图书馆@c20080619
905    @aBZT@dP72@e2
    
    岛县漫话/李庆主编.-北京:北京科学技术出版社
    106页;19cm
    迎接海洋世纪
    
    ISBN 7-5304-1924-2:CNY5.00
    
●
相关链接 在五车中查询图书 在当当中查询图书 在豆瓣中查询图书


正题名:岛县漫话     索取号:P72/2         预约/预借

序号 登录号 条形码 馆藏地/架位号 状态 备注
1 682154   2000682154   中心书库中库/ 中库041架B面1列2层14/ [索取号:P72/2] 在馆    
2 682155   2000682155   中心书库中库/ 中库041架B面1列2层6/ [索取号:P72/2] 在馆    
3 684572   2000684572   中心书库中库/ 中库041架B面1列5层54/ [索取号:P72/2] 在馆    
4 684573   2000684573   中心书库中库/ 中库041架B面1列2层7/ [索取号:P72/2] 在馆    
5 684574   2000684574   中心书库中库/ 中库041架B面1列2层10/ [索取号:P72/2] 在馆    
6 684575   2000684575   中心书库中库/ 中库041架B面1列2层8/ [索取号:P72/2] 在馆    
7 684576   2000684576   中心书库中库/ 中库041架B面1列2层9/ [索取号:P72/2] 在馆    
8 684577   2000684577   中心书库中库/ 中库041架B面1列2层11/ [索取号:P72/2] 在馆    
9 684578   2000684578   中心书库中库/ 中库041架B面1列2层13/ [索取号:P72/2] 在馆    
10 684579   2000684579   中心书库中库/ 中库041架B面1列2层12/ [索取号:P72/2] 在馆    
山东省滨州职业学院图书馆 欢迎您!
大连网信软件有限公司© 版权所有